000 01173 a2200337 4500
999 _c200421537
_d28571
001 200421537
003 TR-AnTOB
005 20230706102328.0
008 150310s tu 000 0
020 _a9786055988630
040 _aTR-AnTOB
_btur
_erda
_cTR-AnTOB
041 0 _atur
050 0 0 _aPL248.65
_bG87 2012
090 _aPL248 .65 G87 2012
100 1 _aGürel, Nazlı Rana
_9105770
245 1 0 _aİslam Beytullah Erdi :
_bhayatı, sanatı, eserleri /
_cNazlı Rana Gürel ; Zeki Gürel.
264 _aAnkara:
_bBengü,
_c2012
300 _a332 pages ;
_c22 cm.
336 _atext
_2rdacontent
_btxt
337 _aunmediated
_2rdamedia
_bn
338 _avolume
_2rdacarrier
_bnc
490 0 _aBengü Yayınları ;
_v60
_aBulgaristan Edebiyatı ;
_v2
600 1 0 _aErdi, İslâm Beytullah,
_d1940-2014
_9117349
650 0 _aAuthors, Turkish
_y20th century
_vBiography
_9118405
650 0 _aYazarlar, Türk
_y20. yüzyıl
_vBiyografi
_9118902
650 0 _aYazarlar, Türk
_zBulgaristan
_vBiyografi
_9117351
650 0 _aAuthors, Turkish
_zBulgaria
_vBiography
_9117350
700 1 _aGürel, Zeki,
_d1956-
_943665
942 _cBK
_2lcc